[Event "17. Obert Int. Sant Marti 2015"]
[Site "Barcelona ESP"]
[Date "2015.07.16"]
[Round "4.20"]
[White "Cuartas, Jaime Alexander"]
[Black "Dalo, Hermes"]
[Result "1-0"]
[WhiteElo "2503"]
[BlackElo "2274"]
[PlyCount "115"]
[EventDate "2015.07.13"]
[EventType "swiss"]
[EventRounds "9"]
[EventCountry "ESP"]
[SourceTitle "Ajedrez en Madrid"]
[Source "lmi"]
[SourceDate "2013.07.13"]
[SourceVersion "1"]
[SourceVersionDate "2019.06.24"]
[SourceQuality "1"]

1. e4 e5 2. Nf3 Nc6 3. Bb5 a6 4. Ba4 Nf6 5. O-O Be7 6. Re1 b5 7. Bb3 d6 8. c3
O-O 9. h3 Na5 10. Bc2 c5 11. d4 Qc7 12. d5 c4 13. b4 Nb7 14. a4 Bd7 15. Be3
Rfb8 16. a5 Nd8 17. Nbd2 Ne8 18. Nf1 f6 19. N3h2 Nf7 20. f4 exf4 21. Bxf4 Ne5
22. Nf3 g6 23. Ne3 Ng7 24. Nd4 Rf8 25. Rf1 Rae8 26. Qd2 Qc8 27. Rf2 Nh5 28. Bh6
Rf7 29. g4 Ng7 30. Raf1 Rff8 31. Rg2 Nf7 32. Nef5 Nxh6 33. Qxh6 Rf7 34. Nxe7+
Rexe7 35. Rgf2 Qf8 36. Qf4 Ne8 37. Kh2 Kh8 38. Qd2 h5 39. gxh5 Rh7 40. hxg6
Rxh3+ 41. Kg1 Rg7 42. e5 dxe5 43. Ne6 Bxe6 44. dxe6 Qe7 45. Rh2 Rxh2 46. Kxh2
Qxe6 47. Bf5 Qd6 48. Qh6+ Kg8 49. Rh1 Kf8 50. Qe3 Qc7 51. Kg2 Nd6 52. Bc2 f5
53. Rh8+ Rg8 54. Qxe5 Qb7+ 55. Kg1 Rxh8 56. Qxh8+ Ke7 57. Qe5+ Kd7 58. g7 1-0

[Event "17. Obert Int. Sant Marti 2015"]
[Site "Barcelona ESP"]
[Date "2015.07.16"]
[Round "4.21"]
[White "Ossa, Orlando"]
[Black "Manolache, Marius"]
[Result "0-1"]
[WhiteElo "2249"]
[BlackElo "2467"]
[PlyCount "110"]
[EventDate "2015.07.13"]
[EventType "swiss"]
[EventRounds "9"]
[EventCountry "ESP"]
[SourceTitle "Ajedrez en Madrid"]
[Source "lmi"]
[SourceDate "2013.07.13"]
[SourceVersion "1"]
[SourceVersionDate "2019.06.24"]
[SourceQuality "1"]

1. e4 d6 2. d4 Nf6 3. Bd3 g6 4. Nf3 Bg7 5. h3 O-O 6. O-O c5 7. c3 Nc6 8. Re1
Qc7 9. Na3 Rd8 10. Be3 a6 11. Rc1 b5 12. b4 c4 13. Bb1 d5 14. e5 Ne4 15. Ng5
Nxg5 16. Bxg5 a5 17. Nxb5 Qb6 18. a4 axb4 19. cxb4 Ba6 20. Nc3 Qxb4 21. Qg4 Bc8
22. Qh4 Be6 23. Re3 Qb6 24. Rd1 Rd7 25. Bc2 Qb2 26. Bb1 Rb8 27. Rf3 Rdb7 28.
Bc1 Qa1 29. Bc2 Nb4 30. Bg5 Qb2 31. Rb1 Qxc2 32. Rc1 Qb3 33. Rb1 Nc6 34. Rxb3
cxb3 35. Nb5 Rxb5 36. axb5 Rxb5 37. Bc1 b2 38. Bxb2 Rxb2 39. Rc3 Nxe5 40. Qxe7
Nc4 41. Qd8+ Bf8 42. Rc1 Kg7 43. g3 Rb7 44. Ra1 Rd7 45. Qb8 Be7 46. h4 h5 47.
Qf4 Nd6 48. Ra8 Ne4 49. Re8 Bd6 50. Qc1 Rc7 51. Qa1 Nf6 52. Rd8 Be7 53. Rb8 Bf5
54. f3 Bd6 55. Qe1 Re7 0-1

[Event "17. Obert Int. Sant Marti 2015"]
[Site "Barcelona ESP"]
[Date "2015.07.16"]
[Round "4.22"]
[White "Gonzalez Perez, Arian"]
[Black "Minko, Vladimir"]
[Result "1-0"]
[WhiteElo "2440"]
[BlackElo "2226"]
[PlyCount "91"]
[EventDate "2015.07.13"]
[EventType "swiss"]
[EventRounds "9"]
[EventCountry "ESP"]
[SourceTitle "Ajedrez en Madrid"]
[Source "lmi"]
[SourceDate "2013.07.13"]
[SourceVersion "1"]
[SourceVersionDate "2019.06.24"]
[SourceQuality "1"]

1. e4 c5 2. Nf3 e6 3. d4 cxd4 4. Nxd4 Nc6 5. Nc3 Qc7 6. g3 a6 7. Bg2 Nf6 8. O-O
h5 9. Nxc6 dxc6 10. e5 Qxe5 11. Bf4 Qa5 12. Re1 Be7 13. Re5 Qb6 14. Na4 Qd8 15.
Qf3 Qd4 16. c4 Nd7 17. Qe2 Nxe5 18. Bxe5 Qa7 19. Bxg7 Rg8 20. Be5 Bd7 21. Bf4
c5 22. Nc3 Qb6 23. Re1 Bd8 24. Nd5 Qa5 25. a3 Rc8 26. Bd2 Qa4 27. Qd3 Bc6 28.
b3 Qxa3 29. Qh7 Rg4 30. Qxh5 Rg6 31. Nf4 Qb2 32. Nxg6 Qxd2 33. Rd1 Qxd1+ 34.
Qxd1 Bxg2 35. Kxg2 fxg6 36. Qg4 Kd7 37. Qxg6 b5 38. Qd3+ Kc6 39. Qe4+ Kd6 40.
cxb5 axb5 41. Qb7 Rc6 42. Qxb5 Rb6 43. Qd3+ Ke7 44. h4 Rd6 45. Qe3 Kf6 46. h5
1-0

[Event "17. Obert Int. Sant Marti 2015"]
[Site "Barcelona ESP"]
[Date "2015.07.16"]
[Round "4.23"]
[White "Munoz Pantoja, Miguel"]
[Black "Raja, Harshit"]
[Result "1/2-1/2"]
[WhiteElo "2430"]
[BlackElo "2205"]
[PlyCount "31"]
[EventDate "2015.07.13"]
[EventType "swiss"]
[EventRounds "9"]
[EventCountry "ESP"]
[SourceTitle "Ajedrez en Madrid"]
[Source "lmi"]
[SourceDate "2013.07.13"]
[SourceVersion "1"]
[SourceVersionDate "2019.06.24"]
[SourceQuality "1"]

1. e4 c5 2. Nf3 d6 3. Bb5+ Nd7 4. c4 Ngf6 5. Nc3 g6 6. d4 cxd4 7. Nxd4 Bg7 8.
Be3 O-O 9. Bxd7 Bxd7 10. f3 Rc8 11. b3 a6 12. Qd3 Qa5 13. Bd2 Qe5 14. Be3 Qa5
15. Bd2 Qe5 16. Be3 1/2-1/2

[Event "17. Obert Int. Sant Marti 2015"]
[Site "Barcelona ESP"]
[Date "2015.07.16"]
[Round "4.24"]
[White "Stella, Andrea"]
[Black "Capellades Subirana, Marc"]
[Result "0-1"]
[WhiteElo "2427"]
[BlackElo "2213"]
[PlyCount "104"]
[EventDate "2015.07.13"]
[EventType "swiss"]
[EventRounds "9"]
[EventCountry "ESP"]
[SourceTitle "Ajedrez en Madrid"]
[Source "lmi"]
[SourceDate "2013.07.13"]
[SourceVersion "1"]
[SourceVersionDate "2019.06.24"]
[SourceQuality "1"]

1. c4 f5 2. Nf3 Nf6 3. g3 g6 4. b4 Bg7 5. Bb2 d6 6. d4 Ne4 7. Bg2 e6 8. O-O O-O
9. Nbd2 Nxd2 10. Qxd2 d5 11. cxd5 exd5 12. b5 a6 13. a4 Nd7 14. Rfc1 axb5 15.
axb5 Rxa1 16. Bxa1 Nf6 17. Ne5 Bd7 18. Qa5 c6 19. Qxd8 Rxd8 20. bxc6 bxc6 21.
Nxd7 Rxd7 22. Rxc6 Ra7 23. Bb2 Ne4 24. Bxe4 dxe4 25. e3 Bf8 26. Rb6 Rc7 27. Kf1
Rc4 28. Rb8 Kf7 29. Rb7+ Kg8 30. Rb8 Kf7 31. Rb7+ Kg8 32. Ra7 Rc2 33. Ba1 Rc1+
34. Kg2 Rc2 35. d5 Rc8 36. Rd7 Re8 37. Bf6 Ra8 38. h3 Ra2 39. g4 f4 40. Bd4 g5
41. d6 h6 42. exf4 gxf4 43. Rd8 Kf7 44. d7 f3+ 45. Kf1 Be7 46. Rb8 Rd2 47. Bc3
Rd1+ 48. Be1 e3 49. fxe3 Bh4 50. d8=N+ Kg6 51. Rb6+ Kh7 52. Rb7+ Kg8 0-1

[Event "17. Obert Int. Sant Marti 2015"]
[Site "Barcelona ESP"]
[Date "2015.07.16"]
[Round "4.25"]
[White "Alarcon Casellas, Rolando"]
[Black "Sanchez Sandoval, Gonzalo"]
[Result "1-0"]
[WhiteElo "2411"]
[BlackElo "2205"]
[PlyCount "99"]
[EventDate "2015.07.13"]
[EventType "swiss"]
[EventRounds "9"]
[EventCountry "ESP"]
[SourceTitle "Ajedrez en Madrid"]
[Source "lmi"]
[SourceDate "2013.07.13"]
[SourceVersion "1"]
[SourceVersionDate "2019.06.24"]
[SourceQuality "1"]

1. d4 Nf6 2. Bg5 d5 3. Bxf6 exf6 4. e3 Be6 5. Bd3 c5 6. c3 c4 7. Bc2 Bd6 8. Nd2
O-O 9. Qf3 Qd7 10. Ne2 Re8 11. h3 Nc6 12. O-O f5 13. Nf4 b5 14. a3 a5 15. Rfe1
b4 16. Nxe6 fxe6 17. Ba4 Rec8 18. g4 bxc3 19. bxc3 fxg4 20. Qxg4 Rf8 21. f4 Rf6
22. Kh1 Qc7 23. Nf3 Raf8 24. Rg1 Nd8 25. Bc2 Qe7 26. Qh4 g6 27. a4 Qg7 28. Nh2
Be7 29. Qg3 Nf7 30. Ng4 Rf5 31. Bxf5 exf5 32. Ne5 Nd6 33. Rab1 Ne4 34. Qg2 Bh4
35. Qf3 Qh6 36. Rg2 Bf6 37. Nd7 Re8 38. Kh2 Qh4 39. Rb5 Nxc3 40. Rxa5 Bd8 41.
Ra6 Ne4 42. Ne5 c3 43. Qe2 Bf6 44. Ra7 Rc8 45. Qb5 c2 46. Qxd5+ Kh8 47. Rxg6
Qf2+ 48. Rg2 Qxg2+ 49. Kxg2 Rg8+ 50. Qxg8+ 1-0

[Event "17. Obert Int. Sant Marti 2015"]
[Site "Barcelona ESP"]
[Date "2015.07.16"]
[Round "4.26"]
[White "Perpinya Rofes, Lluis Maria"]
[Black "Shashikant, Kutwal"]
[Result "1-0"]
[WhiteElo "2398"]
[BlackElo "2202"]
[PlyCount "69"]
[EventDate "2015.07.13"]
[EventType "swiss"]
[EventRounds "9"]
[EventCountry "ESP"]
[SourceTitle "Ajedrez en Madrid"]
[Source "lmi"]
[SourceDate "2013.07.13"]
[SourceVersion "1"]
[SourceVersionDate "2019.06.24"]
[SourceQuality "1"]

1. e4 c5 2. Nf3 d6 3. d4 cxd4 4. Nxd4 Nf6 5. Nc3 e6 6. Be2 Nc6 7. O-O Be7 8.
Be3 O-O 9. f4 a6 10. a4 Qc7 11. Kh1 Re8 12. Bd3 Bd7 13. Nf3 Nb4 14. e5 Nxd3 15.
Qxd3 Ng4 16. Bd4 Bc6 17. Ne4 dxe5 18. fxe5 Rad8 19. Qc3 Rd7 20. Nf2 Bxf3 21.
Qxf3 Nxh2 22. Kxh2 Rxd4 23. Nd3 f5 24. Rf2 Bh4 25. g3 Be7 26. Nf4 Qxe5 27. Qxb7
Qd6 28. Re1 Rxf4 29. gxf4 Bh4 30. Rg1 g6 31. Rf3 Rb8 32. Rd1 Qxd1 33. Qxb8+ Bd8
34. Qb3 Qe2+ 35. Kg3 1-0

[Event "17. Obert Int. Sant Marti 2015"]
[Site "Barcelona ESP"]
[Date "2015.07.16"]
[Round "4.27"]
[White "Kessler, Luca"]
[Black "Uzumcu, Ahmet Utku"]
[Result "1-0"]
[WhiteElo "2364"]
[BlackElo "2032"]
[PlyCount "45"]
[EventDate "2015.07.13"]
[EventType "swiss"]
[EventRounds "9"]
[EventCountry "ESP"]
[SourceTitle "Ajedrez en Madrid"]
[Source "lmi"]
[SourceDate "2013.07.13"]
[SourceVersion "1"]
[SourceVersionDate "2019.06.24"]
[SourceQuality "1"]

1. d4 Nf6 2. c4 g6 3. Nf3 Bg7 4. e3 d6 5. Be2 O-O 6. O-O Nbd7 7. Nc3 e5 8. Qc2
c6 9. Rd1 Qc7 10. b3 Re8 11. Ba3 exd4 12. Nxd4 a6 13. Rac1 Nc5 14. h3 a5 15.
Bf3 Nfd7 16. g3 Ne5 17. Bg2 f5 18. Rd2 Nf7 19. Rcd1 Re7 20. Kh2 Bd7 21. Ndb5
Qd8 22. Nxd6 Nxd6 23. Bxc5 1-0

[Event "17. Obert Int. Sant Marti 2015"]
[Site "Barcelona ESP"]
[Date "2015.07.16"]
[Round "4.28"]
[White "Chirivi C, Jenny Astrid"]
[Black "Konguvel, Ponnuswamy"]
[Result "0-1"]
[WhiteElo "2218"]
[BlackElo "2337"]
[PlyCount "80"]
[EventDate "2015.07.13"]
[EventType "swiss"]
[EventRounds "9"]
[EventCountry "ESP"]
[SourceTitle "Ajedrez en Madrid"]
[Source "lmi"]
[SourceDate "2013.07.13"]
[SourceVersion "1"]
[SourceVersionDate "2019.06.24"]
[SourceQuality "1"]

1. d4 Nf6 2. c4 g6 3. f3 Bg7 4. e4 d6 5. Nc3 O-O 6. Be3 c5 7. Nge2 Nc6 8. d5
Ne5 9. Ng3 h5 10. Be2 h4 11. Nf1 e6 12. Bg5 h3 13. g3 exd5 14. Nxd5 Be6 15.
Nfe3 Nxd5 16. cxd5 Nxf3+ 17. Bxf3 Qxg5 18. dxe6 Qxe3+ 19. Qe2 Qxe2+ 20. Kxe2
fxe6 21. Bg4 Bxb2 22. Bxe6+ Kh8 23. Rab1 Bd4 24. Rxb7 Rae8 25. Bxh3 Rxe4+ 26.
Kd3 d5 27. Rf1 Re3+ 28. Kd2 Rxf1 29. Bxf1 Ra3 30. Bd3 Rxa2+ 31. Kd1 c4 32. Bxg6
Be3 33. Rh7+ Kg8 34. Rd7 Rd2+ 35. Ke1 c3 36. Rc7 Rxh2 37. g4 d4 38. Be4 a5 39.
Rc4 a4 40. Rxa4 c2 0-1

[Event "17. Obert Int. Sant Marti 2015"]
[Site "Barcelona ESP"]
[Date "2015.07.16"]
[Round "4.29"]
[White "Juan Bartroli, Pau"]
[Black "Ramirez Garcia, Jorge Alberto"]
[Result "0-1"]
[WhiteElo "2195"]
[BlackElo "2312"]
[PlyCount "50"]
[EventDate "2015.07.13"]
[EventType "swiss"]
[EventRounds "9"]
[EventCountry "ESP"]
[SourceTitle "Ajedrez en Madrid"]
[Source "lmi"]
[SourceDate "2013.07.13"]
[SourceVersion "1"]
[SourceVersionDate "2019.06.24"]
[SourceQuality "1"]

1. b3 b6 2. Bb2 Bb7 3. Nf3 Nf6 4. g3 g6 5. Bg2 Bg7 6. O-O O-O 7. c4 c5 8. d4
cxd4 9. Nxd4 Bxg2 10. Kxg2 d5 11. cxd5 Qxd5+ 12. Nf3 Qb7 13. b4 Nc6 14. Qb3
Rfd8 15. Kg1 Rd7 16. Nbd2 Rad8 17. Nc4 b5 18. Nce5 Nxe5 19. Nxe5 Rd5 20. Rfd1
Rxd1+ 21. Rxd1 Rxd1+ 22. Qxd1 Qd5 23. Qd4 Qxa2 24. Nc6 Ne8 25. Qd8 Qb1+ 0-1

[Event "17. Obert Int. Sant Marti 2015"]
[Site "Barcelona ESP"]
[Date "2015.07.16"]
[Round "4.30"]
[White "Morales, Jhon Alexander"]
[Black "Supriya, Joshi"]
[Result "1-0"]
[WhiteElo "2308"]
[BlackElo "1953"]
[PlyCount "55"]
[EventDate "2015.07.13"]
[EventType "swiss"]
[EventRounds "9"]
[EventCountry "ESP"]
[SourceTitle "Ajedrez en Madrid"]
[Source "lmi"]
[SourceDate "2013.07.13"]
[SourceVersion "1"]
[SourceVersionDate "2019.06.24"]
[SourceQuality "1"]

1. d4 Nf6 2. c4 g6 3. Nc3 Bg7 4. e4 d6 5. Bd3 e5 6. d5 a5 7. Nge2 Na6 8. O-O
Nc5 9. Bc2 O-O 10. h3 Nh5 11. Be3 f5 12. exf5 gxf5 13. f4 b6 14. Rb1 Ba6 15.
fxe5 Bxe5 16. Rxf5 Rxf5 17. Bxf5 Bxc4 18. Nd4 Qh4 19. Nf3 Qg3 20. Bf2 Qg7 21.
Nxe5 Nf4 22. Ng4 h5 23. Bd4 Qg5 24. Bf6 Nxh3+ 25. gxh3 Qf4 26. Kg2 Rf8 27. Qd4
Qxd4 28. Nh6# 1-0

[Event "17. Obert Int. Sant Marti 2015"]
[Site "Barcelona ESP"]
[Date "2015.07.16"]
[Round "4.31"]
[White "Kakumanu, Kautil Prasad"]
[Black "Oliva Castaneda, Kevel"]
[Result "0-1"]
[WhiteElo "1616"]
[BlackElo "2488"]
[PlyCount "100"]
[EventDate "2015.07.13"]
[EventType "swiss"]
[EventRounds "9"]
[EventCountry "ESP"]
[SourceTitle "Ajedrez en Madrid"]
[Source "lmi"]
[SourceDate "2013.07.13"]
[SourceVersion "1"]
[SourceVersionDate "2019.06.24"]
[SourceQuality "1"]

1. c4 g6 2. Nf3 c5 3. Nc3 Bg7 4. g3 Nc6 5. Bg2 d6 6. Rb1 Bf5 7. d3 Qd7 8. Nd5
Rc8 9. Bd2 e5 10. a3 Nge7 11. Nxe7 Qxe7 12. Bc3 O-O 13. O-O Rfe8 14. Nd2 h5 15.
b4 h4 16. b5 Nd8 17. Qa4 hxg3 18. hxg3 b6 19. Qd1 Be6 20. a4 f5 21. a5 Nf7 22.
Ra1 Nh6 23. axb6 axb6 24. Ra6 Rb8 25. Qa1 Ng4 26. Ra7 Qd8 27. Qa6 f4 28. Be4
fxg3 29. fxg3 Qg5 30. Rf3 Nf6 31. Bc6 Rf8 32. Re7 Bg4 33. Qa7 Nh5 34. Rff7 Rxf7
35. Rxf7 Qe3+ 36. Kh1 Rc8 37. Nf1 Qxe2 38. Bd5 Kh7 39. Qe7 Qxd3 40. Bd2 Bf5 41.
Kg1 Qd4+ 42. Be3 Qg4 43. Bg5 Rg8 44. Rxf5 gxf5 45. Bxg8+ Kxg8 46. Bh4 e4 47.
Ne3 Bd4 48. Qe8+ Kh7 49. Qe7+ Ng7 50. Qg5 Qf3 0-1

[Event "17. Obert Int. Sant Marti 2015"]
[Site "Barcelona ESP"]
[Date "2015.07.16"]
[Round "4.32"]
[White "Alsina Leal, Daniel"]
[Black "Becerra, Juan David"]
[Result "1-0"]
[WhiteElo "2531"]
[BlackElo "2178"]
[PlyCount "56"]
[EventDate "2015.07.13"]
[EventType "swiss"]
[EventRounds "9"]
[EventCountry "ESP"]
[SourceTitle "Ajedrez en Madrid"]
[Source "lmi"]
[SourceDate "2013.07.13"]
[SourceVersion "1"]
[SourceVersionDate "2019.06.24"]
[SourceQuality "1"]

1. e4 c5 2. Nf3 d6 3. Bc4 Nf6 4. d3 Nc6 5. a3 a6 6. O-O Bg4 7. Nbd2 e6 8. h3
Bh5 9. Ba2 Be7 10. g4 Bg6 11. Ne1 e5 12. f4 exf4 13. Ndf3 h5 14. g5 Nh7 15. h4
f6 16. gxf6 Bxf6 17. Ng2 Qd7 18. Rb1 O-O-O 19. Bxf4 Bf7 20. Bxf7 Qxf7 21. b4
cxb4 22. axb4 Nd4 23. Nd2 Qe7 24. Nc4 g5 25. Nb6+ Kb8 26. Nd5 Qg7 27. Nxf6 Qxf6
28. Bxg5 Qg6 1-0

[Event "17. Obert Int. Sant Marti 2015"]
[Site "Barcelona ESP"]
[Date "2015.07.16"]
[Round "4.33"]
[White "Cruz, Jonathan"]
[Black "Leriche, Luc"]
[Result "1-0"]
[WhiteElo "2453"]
[BlackElo "2132"]
[PlyCount "55"]
[EventDate "2015.07.13"]
[EventType "swiss"]
[EventRounds "9"]
[EventCountry "ESP"]
[SourceTitle "Ajedrez en Madrid"]
[Source "lmi"]
[SourceDate "2013.07.13"]
[SourceVersion "1"]
[SourceVersionDate "2019.06.24"]
[SourceQuality "1"]

1. c4 e5 2. Nc3 Nf6 3. Nf3 Nc6 4. e3 Bb4 5. Qc2 Bxc3 6. Qxc3 Qe7 7. a3 O-O 8.
b4 e4 9. Nd4 Nxd4 10. Qxd4 Rd8 11. Bb2 d5 12. c5 c6 13. d3 Rb8 14. g4 Ne8 15.
h3 exd3 16. Bxd3 f6 17. Bc2 b6 18. Qd3 g6 19. Bd4 f5 20. Qc3 fxg4 21. hxg4 Qe6
22. O-O-O Rb7 23. f4 bxc5 24. bxc5 Ng7 25. Rdg1 Qe8 26. f5 Rdd7 27. Rh6 g5 28.
Rgh1 1-0

[Event "17. Obert Int. Sant Marti 2015"]
[Site "Barcelona ESP"]
[Date "2015.07.16"]
[Round "4.34"]
[White "Fernandez Madrid, Carlos"]
[Black "Valdes Romero, Leonardo"]
[Result "1/2-1/2"]
[WhiteElo "2168"]
[BlackElo "2396"]
[PlyCount "145"]
[EventDate "2015.07.13"]
[EventType "swiss"]
[EventRounds "9"]
[EventCountry "ESP"]
[SourceTitle "Ajedrez en Madrid"]
[Source "lmi"]
[SourceDate "2013.07.13"]
[SourceVersion "1"]
[SourceVersionDate "2019.06.24"]
[SourceQuality "1"]

1. c4 Nf6 2. g3 g6 3. Bg2 d5 4. cxd5 Nxd5 5. Nc3 Nxc3 6. bxc3 Bg7 7. Nf3 Nd7 8.
O-O O-O 9. Rb1 Nb6 10. Ng5 Rb8 11. Qc2 Bd7 12. Ba3 h6 13. Ne4 Ba4 14. Qc1 Bc6
15. c4 Qe8 16. d4 Bxd4 17. c5 Nd7 18. Qxh6 Bxe4 19. Bxe4 Nxc5 20. Bxc5 Bxc5 21.
Bxb7 Bd4 22. e3 Bf6 23. h4 Qd7 24. Rbd1 Qg4 25. Bd5 e6 26. Bb3 Rb4 27. Rc1 Qh3
28. Rc4 Rxc4 29. Bxc4 Qg4 30. Bb3 Rd8 31. Rc1 Be5 32. Qg5 Qxg5 33. hxg5 Kf8 34.
Rc5 Bd6 35. Ra5 Ra8 36. Ba4 Bb4 37. Bc6 Bxa5 38. Bxa8 Ke7 39. Bc6 Bb4 40. Kf1
Kd8 41. Ke2 Be7 42. f4 Bc5 43. g4 Ke7 44. Kd3 Ba3 45. Ke4 Bc1 46. Kd3 Kd6 47.
Be8 Ke7 48. Bc6 Kd6 49. Be8 Ke7 50. Bc6 Ba3 51. Ke4 Kd6 52. Be8 Ke7 53. Bc6 Kd6
54. Be8 Ke7 55. Bc6 Bb2 56. Kd3 Ba3 57. Ke4 Bb4 58. Kd3 Be1 59. Ke4 Bb4 60. Kd3
Kd6 61. Be8 Ke7 62. Bc6 Kd6 63. Be8 Ke7 64. Bc6 e5 65. Ke4 exf4 66. exf4 Be1
67. Bd5 c5 68. Bc4 Bd2 69. Bb5 Bc1 70. Bc4 Bd2 71. Bb3 Bc1 72. Bc4 Bd2 73. Bb3
1/2-1/2

[Event "17. Obert Int. Sant Marti 2015"]
[Site "Barcelona ESP"]
[Date "2015.07.16"]
[Round "4.35"]
[White "Satyapragyan, Swayangsu"]
[Black "Huguet, Sergio"]
[Result "1-0"]
[WhiteElo "2392"]
[BlackElo "2094"]
[PlyCount "53"]
[EventDate "2015.07.13"]
[EventType "swiss"]
[EventRounds "9"]
[EventCountry "ESP"]
[SourceTitle "Ajedrez en Madrid"]
[Source "lmi"]
[SourceDate "2013.07.13"]
[SourceVersion "1"]
[SourceVersionDate "2019.06.24"]
[SourceQuality "1"]

1. e4 c5 2. Nf3 g6 3. c3 Bg7 4. d4 cxd4 5. cxd4 d5 6. e5 Nc6 7. h3 Bf5 8. Nc3
e6 9. Bg5 f6 10. Bh4 g5 11. Bg3 Be4 12. exf6 Bxf6 13. Bd3 Bxd3 14. Qxd3 Nge7
15. O-O Nf5 16. Rae1 Nxg3 17. Rxe6+ Kd7 18. Rfe1 Ne4 19. Nxe4 dxe4 20. Qxe4 Rc8
21. d5 Nb8 22. Qa4+ Kc7 23. Qa5+ Kd7 24. Qb5+ Kc7 25. Rc1+ Nc6 26. dxc6 b6 27.
Qa6 1-0

[Event "17. Obert Int. Sant Marti 2015"]
[Site "Barcelona ESP"]
[Date "2015.07.16"]
[Round "4.36"]
[White "Havik, Victor"]
[Black "Nabuurs, Joep"]
[Result "0-1"]
[WhiteElo "2139"]
[BlackElo "2293"]
[PlyCount "42"]
[EventDate "2015.07.13"]
[EventType "swiss"]
[EventRounds "9"]
[EventCountry "ESP"]
[SourceTitle "Ajedrez en Madrid"]
[Source "lmi"]
[SourceDate "2013.07.13"]
[SourceVersion "1"]
[SourceVersionDate "2019.06.24"]
[SourceQuality "1"]

1. d4 Nf6 2. c4 e6 3. Nc3 Bb4 4. e3 b6 5. Bd3 Bb7 6. Nf3 Ne4 7. O-O Bxc3 8.
bxc3 O-O 9. Nd2 f5 10. f3 Nxd2 11. Bxd2 d6 12. Qc2 Nd7 13. e4 fxe4 14. fxe4 e5
15. c5 Qe7 16. cxd6 cxd6 17. a4 Kh8 18. a5 bxa5 19. Be3 Nf6 20. dxe5 Ng4 21.
exd6 Qxd6 0-1

[Event "17. Obert Int. Sant Marti 2015"]
[Site "Barcelona ESP"]
[Date "2015.07.16"]
[Round "4.37"]
[White "Garcia Blanco, Omar"]
[Black "Hapala, Elisabeth"]
[Result "0-1"]
[WhiteElo "2292"]
[BlackElo "2083"]
[PlyCount "142"]
[EventDate "2015.07.13"]
[EventType "swiss"]
[EventRounds "9"]
[EventCountry "ESP"]
[SourceTitle "Ajedrez en Madrid"]
[Source "lmi"]
[SourceDate "2013.07.13"]
[SourceVersion "1"]
[SourceVersionDate "2019.06.24"]
[SourceQuality "1"]

1. e4 e5 2. Nf3 Nc6 3. Bc4 Nf6 4. d3 Bc5 5. O-O a6 6. Bb3 Ba7 7. c3 d6 8. Nbd2
O-O 9. h3 h6 10. Re1 Nh5 11. Nf1 Qf6 12. Be3 Bxe3 13. Rxe3 Ne7 14. Ng3 Nxg3 15.
fxg3 Be6 16. d4 Ng6 17. Qc2 Rfd8 18. Rf1 Qe7 19. h4 Bxb3 20. Qxb3 c6 21. h5 Nf8
22. Nh4 Ne6 23. Nf5 Qc7 24. Ref3 Ng5 25. R3f2 Rd7 26. Qc2 Re8 27. Qd3 exd4 28.
Qxd4 Re5 29. Rf4 d5 30. Rg4 dxe4 31. Qe3 Rd3 32. Qf4 f6 33. Kh2 Qf7 34. Rh4 e3
35. Re1 Qe6 36. Nd4 Qxa2 37. Nf5 Qe6 38. Nd4 Qd5 39. Re2 Qa2 40. Nf5 Rd2 41.
Rxe3 Qxb2 42. Rxe5 Rxg2+ 43. Kh1 Rf2 44. Re1 Rxf4 45. Rxf4 Qd2 46. Re8+ Kf7 47.
Re7+ Kf8 48. Rxb7 Qe1+ 49. Kg2 Qe2+ 50. Rf2 Qe4+ 51. Kf1 Qh1+ 52. Ke2 Qxh5+ 53.
Ke3 Qh1 54. Rf4 Qe1+ 55. Kd3 Qd1+ 56. Ke3 Qe1+ 57. Kd3 Qd1+ 58. Ke3 Qe1+ 59.
Kd3 Qe5 60. Ra7 Qd5+ 61. Kc2 c5 62. Rxa6 Ne4 63. Ra3 Qd2+ 64. Kb3 Qxc3+ 65. Ka2
Qc2+ 66. Ka1 Qc1+ 67. Ka2 Qc2+ 68. Ka1 Nc3 69. Rf1 Qe2 70. Rf4 Qe5 71. Ra8+ Kf7
0-1

[Event "17. Obert Int. Sant Marti 2015"]
[Site "Barcelona ESP"]
[Date "2015.07.16"]
[Round "4.38"]
[White "Piasetski, Leon"]
[Black "Fernandez Aguilar, Francisco"]
[Result "1/2-1/2"]
[WhiteElo "2289"]
[BlackElo "2067"]
[PlyCount "182"]
[EventDate "2015.07.13"]
[EventType "swiss"]
[EventRounds "9"]
[EventCountry "ESP"]
[SourceTitle "Ajedrez en Madrid"]
[Source "lmi"]
[SourceDate "2013.07.13"]
[SourceVersion "1"]
[SourceVersionDate "2019.06.24"]
[SourceQuality "1"]

1. c4 c6 2. Nf3 d5 3. e3 Nf6 4. b3 Bg4 5. Bb2 e6 6. Qc2 Nbd7 7. h3 Bf5 8. d3 h6
9. Nbd2 Be7 10. Be2 O-O 11. O-O Bh7 12. a3 Qb8 13. b4 Rc8 14. Rfc1 b5 15. c5 a5
16. g3 Qb7 17. Nb3 Bd8 18. Bc3 a4 19. Nbd2 Bc7 20. Re1 Re8 21. Bf1 Rad8 22. e4
dxe4 23. dxe4 e5 24. Qb2 Qb8 25. Re3 Nf8 26. Rae1 N6d7 27. Bd3 f6 28. Bb1 Ne6
29. Ba2 Kh8 30. Nh4 Ndf8 31. Nf5 Rd7 32. Nf1 Red8 33. R3e2 Ng5 34. Kg2 Nxe4 35.
g4 Nxc3 36. Qxc3 Rd3 37. Qb2 Ng6 38. Re3 Nf4+ 39. Kh2 Bxf5 40. gxf5 e4 41. Kh1
Rxe3 42. Rxe3 Rd1 43. Kg1 Qd8 44. Qc2 Rd4 45. Rxe4 Nxh3+ 46. Kg2 Ng5 47. Rxd4
Qxd4 48. Qe2 Be5 49. Ng3 Qb2 50. f4 Qxe2+ 51. Nxe2 Bb2 52. fxg5 hxg5 53. Be6
Bxa3 54. Bd7 Bxb4 55. Bxc6 a3 56. Nc1 Bxc5 57. Bxb5 Kg8 58. Kf3 Kf8 59. Kg4 Ke7
60. Bc4 Kd6 61. Nd3 Bd4 62. Kh5 Ke7 63. Nb4 Kd6 64. Nd3 Ke7 65. Bb3 Ke8 66. Nb4
Kf8 67. Nd5 Be5 68. Nb6 Bd4 69. Nc4 Bc5 70. Nd2 Ke7 71. Ne4 Bd4 72. Kg6 Be5 73.
Nf2 Bd4 74. Ng4 Kf8 75. Kh7 Bc5 76. Kg6 Bd4 77. Kh5 Ke7 78. Nh2 Bc3 79. Nf1 Kd6
80. Ng3 Ke5 81. Kg4 Be1 82. Nh5 Kd4 83. Nxg7 Kc3 84. Be6 Kb2 85. Nh5 Bc3 86.
Ng3 a2 87. Bxa2 Kxa2 88. Ne4 Be5 89. Nxg5 fxg5 90. Kxg5 Bc3 91. f6 Bxf6+
1/2-1/2

[Event "17. Obert Int. Sant Marti 2015"]
[Site "Barcelona ESP"]
[Date "2015.07.16"]
[Round "4.39"]
[White "Deshpande, Aniruddha"]
[Black "Pettersen, Joar Gullestad"]
[Result "0-1"]
[WhiteElo "2268"]
[BlackElo "1968"]
[PlyCount "46"]
[EventDate "2015.07.13"]
[EventType "swiss"]
[EventRounds "9"]
[EventCountry "ESP"]
[SourceTitle "Ajedrez en Madrid"]
[Source "lmi"]
[SourceDate "2013.07.13"]
[SourceVersion "1"]
[SourceVersionDate "2019.06.24"]
[SourceQuality "1"]

1. e4 e6 2. d4 d5 3. Nd2 c5 4. exd5 Qxd5 5. Ngf3 cxd4 6. Bc4 Qd6 7. O-O Nf6 8.
Nb3 Nc6 9. Nbxd4 Nxd4 10. Nxd4 a6 11. b3 Qc7 12. Bb2 Bd6 13. Nf3 b5 14. Bd3 Bb7
15. c4 O-O 16. h3 Rad8 17. Qe2 e5 18. Ng5 bxc4 19. bxc4 Qc6 20. f4 Bc5+ 21. Kh2
Rxd3 22. fxe5 Re3 23. Qc2 Ne4 0-1